| 000 | 00647nam a2200205Ia 4500 | ||
|---|---|---|---|
| 003 | OSt | ||
| 005 | 20250710143009.0 | ||
| 008 | 210210b1992 xxu||||| |||| 00| 0 eng d | ||
| 040 | _cAL | ||
| 041 | _aKannada | ||
| 082 | _a510.92K RADS | ||
| 100 |
_aRADHAKRASHNA (B P). _9132801 _dರಾಧಾಕೃಷ್ಣ (ಬಿಪಿ) |
||
| 245 |
_aShrinivasa Ramanujan. _bಶೀನಿವಾಸ ರಾಮಾನುಜನ್ |
||
| 260 |
_aBengaluru _bJiyalajikal Sosaiti Af Indira mattu kannada vijnana parishttu _c1992 |
||
| 300 | _avi,225 | ||
| 650 |
_aRamanujan Shrinivasa _9132802 |
||
| 690 |
_aBiography _9132803 |
||
| 906 | _a048521 | ||
| 942 |
_2ddc _cBK |
||
| 999 |
_c97480 _d97480 |
||